| 000 | 01949nam a2200433 i 4500 | ||
|---|---|---|---|
| 001 | 5228463 | ||
| 003 | CZ PrSKC | ||
| 005 | 20260417093058.0 | ||
| 007 | ta | ||
| 008 | 260408s2026 xr a b 000 j cze | ||
| 020 |
_a9788000080987 _cKč 269,00 |
||
| 040 |
_aABG001 _bcze _erda |
||
| 041 | 1 |
_acze _hspa |
|
| 072 | 7 |
_a821.134.2-3 _xŠpanělská próza, španělsky psaná _2Konspekt |
|
| 072 | 7 |
_a821-93 _xLiteratura pro děti a mládež (beletrie) _2Konspekt |
|
| 080 |
_a821.134.2-32 _2MRF |
||
| 080 |
_a821-93 _2MRF |
||
| 080 |
_a(0:82-32) _2MRF |
||
| 100 | 1 |
_aPunset, Ana, _d1981- _4aut _920666 |
|
| 240 | 1 | 0 |
_aFiesta del revés. _lČesky |
| 245 | 1 | 0 |
_aUnicornie. _pKouzelné narozeniny / _cAna Punset ; ilustrace Diana Vicedo ; ze španělského originálu Una fiesta del revés ... přeložila Ilona Staňková |
| 246 | 3 | 0 | _aKouzelné narozeniny |
| 250 | _a1. vydání | ||
| 264 | 1 |
_aV Praze : _bAlbatros, _c2026 |
|
| 300 |
_a122 stran : _bbarevné ilustrace ; _c21 cm |
||
| 500 | _aNa hřbetu knihy uvedeno číslo: 2 | ||
| 520 | 2 |
_aPokračování fantasy příběhu Klaudie, která teď v Unicornii bude chystat narozeninovou oslavu pro kamarádku. _bKlaudie se nedávno přistěhovala do Unicornie, naučila se létat na jednorožcích a poznala nové kamarádky Paulu a Sáru. Paula bude totiž slavit narozeniny a Klaudie se Sárou pilují program té nejbáječnější oslavy, jakou kdy Unicornie zažila! Ale ouha, sněhová bouře hatí plány a Paulini rodiče nestihnou na party přiletět včas. Nakladatelská anotace. Kráceno. |
|
| 546 | _aČeský text | ||
| 655 | 7 |
_ašpanělské příběhy _96044 |
|
| 655 | 7 | _apublikace pro děti | |
| 655 | 9 |
_aSpanish stories _96045 |
|
| 655 | 9 | _achildren's literature | |
| 700 | 1 |
_aVicedo, Diana _4ill _920667 |
|
| 700 | 1 |
_aStaňková, Ilona _4trl _920668 |
|
| 710 | 2 |
_aNakladatelství Albatros _4pbl _920516 |
|
| 765 | 0 | _tUnicornia | |
| 910 | _aABG508 | ||
| 999 |
_c34187 _d34187 |
||